<?xml version="1.0" encoding="UTF-8"?>
<record
    xmlns:xsi="http://www.w3.org/2001/XMLSchema-instance"
    xsi:schemaLocation="http://www.loc.gov/MARC21/slim http://www.loc.gov/standards/marcxml/schema/MARC21slim.xsd"
    xmlns="http://www.loc.gov/MARC21/slim">

  <leader>01510nam a2200241 i 4500</leader>
  <controlfield tag="001">BPP</controlfield>
  <controlfield tag="003">BPK</controlfield>
  <controlfield tag="005">20190606151712.0</controlfield>
  <controlfield tag="008">140528s1981    pl     f     |000 0 pol</controlfield>
  <datafield tag="040" ind1=" " ind2=" ">
    <subfield code="c">BPK</subfield>
  </datafield>
  <datafield tag="080" ind1=" " ind2=" ">
    <subfield code="a">621.922/.924</subfield>
  </datafield>
  <datafield tag="080" ind1=" " ind2=" ">
    <subfield code="a">666</subfield>
  </datafield>
  <datafield tag="100" ind1=" " ind2=" ">
    <subfield code="a">KACALAK, Wojciech.</subfield>
    <subfield code="d">1970 - 1996.</subfield>
    <subfield code="b">Wy&#x17C;sza Szko&#x142;a In&#x17C;ynierska w Koszalinie - Instytut Budowy Maszyn,</subfield>
    <subfield code="c">Zak&#x142;ad Obrabiarek i Obr&#xF3;bki Skrawaniem</subfield>
  </datafield>
  <datafield tag="245" ind1=" " ind2=" ">
    <subfield code="a">Kompleksowa optymalizacja proces&#xF3;w g&#x142;adko&#x15B;ciowej obr&#xF3;bki &#x15B;ciernej : szlifowania, docierania i polerowania powierzchni p&#x142;askich w elementach z ceramiki korundowej /</subfield>
    <subfield code="c">Wojciech Kacalak, Zdzis&#x142;aw Pluta, Kazimierz Wo&#x17A;niak.</subfield>
  </datafield>
  <datafield tag="260" ind1=" " ind2=" ">
    <subfield code="a">Koszalin,</subfield>
    <subfield code="c">1981.</subfield>
  </datafield>
  <datafield tag="500" ind1=" " ind2=" ">
    <subfield code="a">Dane z autopsji.</subfield>
  </datafield>
  <datafield tag="520" ind1=" " ind2=" ">
    <subfield code="a">Przedstawiono szczeg&#xF3;&#x142;ow&#x105; dokumentacj&#x119; konstrukcyjn&#x105; wykonania uchwyt&#xF3;w do mechanicznego mocowania pakiet&#xF3;w p&#x142;ytek ceramicznych oraz uchwyt&#xF3;w podci&#x15B;nieniowych. Przedstawiono r&#xF3;wnie&#x17C; koncepcj&#x119; urz&#x105;dzenia w wersji produkcyjnej do wzajemnego docierania p&#x142;ytek ceramicznych, umo&#x17C;liwiaj&#x105;cego jednoczesn&#x105; obr&#xF3;bk&#x119; kilkudziesi&#x119;ciu, a nawet kilkuset takich element&#xF3;w.</subfield>
  </datafield>
  <datafield tag="650" ind1=" " ind2="0">
    <subfield code="a">Ceramika.</subfield>
  </datafield>
  <datafield tag="650" ind1=" " ind2="0">
    <subfield code="a">Szlifowanie</subfield>
  </datafield>
  <datafield tag="700" ind1=" " ind2=" ">
    <subfield code="a">WO&#x179;NIAK, Kazimierz.</subfield>
    <subfield code="d">1980 - 1989.</subfield>
    <subfield code="b">Wy&#x17C;sza Szko&#x142;a In&#x17C;ynierska w Koszalinie - Instytut Budowy Maszyn,</subfield>
    <subfield code="c">Zak&#x142;ad Technologii Maszyn</subfield>
  </datafield>
  <datafield tag="700" ind1=" " ind2=" ">
    <subfield code="a">PLUTA, Zdzis&#x142;aw.</subfield>
    <subfield code="d">1973 - 1996.</subfield>
    <subfield code="b">Wy&#x17C;sza Szko&#x142;a In&#x17C;ynierska w Koszalinie - Instytut Budowy Maszyn,</subfield>
    <subfield code="c">Zak&#x142;ad Obrabiarek i Obr&#xF3;bki Skrawaniem</subfield>
  </datafield>
  <datafield tag="942" ind1=" " ind2=" ">
    <subfield code="c">MN</subfield>
    <subfield code="2">UKD</subfield>
  </datafield>
  <datafield tag="999" ind1=" " ind2=" ">
    <subfield code="c">2128</subfield>
    <subfield code="d">2128</subfield>
  </datafield>
  <datafield tag="952" ind1=" " ind2=" ">
    <subfield code="0">0</subfield>
    <subfield code="1">0</subfield>
    <subfield code="4">0</subfield>
    <subfield code="7">0</subfield>
    <subfield code="a">BPK</subfield>
    <subfield code="b">BPK</subfield>
    <subfield code="o">NB-55/IV</subfield>
    <subfield code="y">MN</subfield>
  </datafield>
</record>
